• 首页
  • 本馆介绍
  • 公告通知
  • 最新文献
  • 馆藏检索
  • 电子资源
  • 读者导购
  • 参考咨询
  • 我的图书馆
  • 登录
  • 详细信息显示
  • 放入我的书架
  • 预约/预借图书
  • 作者相关作品
  • 分类相关作品
  • 丛书相关作品
  • 出版社相关作品

书目信息

  • 表格格式
  • 工作单格式
  • 卡片格式
题名:
儿童钢琴手指练习
    
 
作者: 李斐岚 编
分册:  
出版信息: 北京   人民文学出版社  1987.12
页数: 132页
开本: 8
丛书名:
单 册:
中图分类: J624.3
科图分类:
主题词: 器乐--理论 , 器乐--奏法 , 器乐--演奏
电子资源:
ISBN:
000 00587nam0 2200217 45
001 0312221749
005 20031222171149.0
010    @dCNY5.25
100    @a20031222d1987 km y0chiy0120 ea
101    @achi
105    @a z 000yy
200 1  @a儿童钢琴手指练习@AEr Tong Gang Qin Shou Zhi Lian Xi@f李斐岚编@FLi Fei Lan Bian
210    @a北京@c人民文学出版社@d1987.12
215    @a132页@d8
606 0  @a器乐@x理论
606 0  @a器乐@x奏法
606 0  @a器乐@x演奏
690    @aJ624.3@v3
701 0  @a李斐岚@4编
801    @aCN@bTSTCL@c20031222
905    @a213230@dJ624.3@e31@b219462@f1
    
    儿童钢琴手指练习/李斐岚编.-北京:人民文学出版社,1987.12
    132页;8
    
    
    ISBN :CNY5.25
    
●
相关链接 在E读中查询图书 在五车中查询图书 在当当中查询图书 在豆瓣中查询图书


正题名:儿童钢琴手指练习     索取号:J624.3/31         预约/预借

序号 登录号 条形码 馆藏地/架位号 状态 备注
1 0219462   001222091   第一样本阅览室/ [索取号:J624.3/31] 在馆    
唐山师范学院图书馆 欢迎您!
大连网信软件有限公司© 版权所有